[Event "TUR Cup										"]
[Site "Antalya"]
[Date "2018.01.31"]
[Round "7"]
[White "Yaman, Hasbi Tuna"]
[Black "Dalar, Yusuf"]
[Result "1/2-1/2"]
[WhiteElo "1212"]
[BlackElo "1587"]
[PlyCount "89"]
[EventDate "2018.01.27"]
[EventType "swiss"]
[EventRounds "11"]
[EventCountry "TUR"]
[SourceTitle "CBM 182 Extra"]
[Source "ChessBase"]
[SourceDate "2018.02.23"]
[SourceVersion "1"]
[SourceVersionDate "2018.02.23"]
[SourceQuality "1"]

1. d4 Nf6 2. g3 d5 3. Bg2 e6 4. Nf3 Be7 5. 0-0 0-0 6. b3 c5 7. Bb2 cxd4 8. Nxd4 Nc6 9. Nxc6 bxc6 10. Nd2 Ba6 11. Re1 Nd7 12. e4 Nb6 13. exd5 cxd5 14. Nf3 Rc8 15. Rc1 Bf6 16. Bxf6 Qxf6 17. Ne5 Rfd8 18. f4 Nd7 19. Qd4 Nb6 20. Re3 g6 21. g4 Nd7 22. g5 Qg7 23. Qxa7 Nxe5 24. fxe5 Ra8 25. Qd4 h5 26. a4 Rab8 27. Bf1 Bxf1 28. Rxf1 Qf8 29. Ref3 Rd7 30. Rc3 Rb4 31. Qd2 Rg4+ 32. Rg3 Qc5+ 33. Qf2 Rxg3+ 34. hxg3 d4 35. Re1 Rd5 36. Kg2 Rxe5 37. Rxe5 Qxe5 38. Qd2 Qd5+ 39. Kh2 e5 40. a5 e4 41. a6 e3 42. Qb4 Qf3 43. a7 Qf2+ 44. Kh3 Qf1+ 45. Kh2 1/2-1/2

[Event "TUR Cup										"]
[Site "Antalya"]
[Date "2018.01.30"]
[Round "6"]
[White "Yaman, Hasbi Tuna"]
[Black "Nay, Berk"]
[Result "1-0"]
[WhiteElo "1212"]
[BlackElo "1162"]
[PlyCount "91"]
[EventDate "2018.01.27"]
[EventType "swiss"]
[EventRounds "11"]
[EventCountry "TUR"]
[SourceTitle "CBM 182 Extra"]
[Source "ChessBase"]
[SourceDate "2018.02.23"]
[SourceVersion "1"]
[SourceVersionDate "2018.02.23"]
[SourceQuality "1"]

1. d4 Nf6 2. g3 d5 3. Bg2 Nc6 4. Nf3 Bf5 5. a3 e6 6. Nbd2 Bd6 7. c4 Qe7 8. c5 Bxc5 9. dxc5 Qxc5 10. Nb3 Qe7 11. Be3 0-0-0 12. Bc5 Qd7 13. Rc1 Rhe8 14. 0-0 e5 15. Be3 h6 16. Nc5 Qd6 17. Qb3 b6 18. Na6 Re6 19. Nh4 Bh7 20. Bh3 g5 21. Bxe6+ Qxe6 22. Qb5 Rd6 23. Nf3 d4 24. Bd2 e4 25. Ne1 Nd5 26. Nc2 e3 27. Bb4 Ndxb4 28. Ncxb4 exf2+ 29. Rxf2 Be4 30. Nxc6 Bxc6 31. Qc4 Qe4 32. Rf3 g4 33. Nb4 b5 34. Qc2 gxf3 35. Nxc6 f2+ 36. Kxf2 Rf6+ 37. Ke1 d3 38. Nxa7+ Kd8 39. Qxc7+ Ke8 40. Qc8+ Ke7 41. Rc7+ Kd6 42. Nxb5+ Ke5 43. Re7+ Re6 44. Rxe6+ fxe6 45. Qc7+ Kf6 46. Qf4+ 1-0

[Event "TUR Cup										"]
[Site "Antalya"]
[Date "2018.01.27"]
[Round "1"]
[White "Aladag, Yigit Dogan"]
[Black "Yaman, Hasbi Tuna"]
[Result "1-0"]
[WhiteElo "1811"]
[BlackElo "1212"]
[PlyCount "51"]
[EventDate "2018.01.27"]
[EventType "swiss"]
[EventRounds "11"]
[EventCountry "TUR"]
[SourceTitle "CBM 182 Extra"]
[Source "ChessBase"]
[SourceDate "2018.02.23"]
[SourceVersion "1"]
[SourceVersionDate "2018.02.23"]
[SourceQuality "1"]

1. d4 g6 2. g3 Bg7 3. Bg2 d5 4. c4 e6 5. Nc3 c6 6. Nf3 Nf6 7. 0-0 0-0 8. Ne5 Qc7 9. f4 Nbd7 10. b3 Nxe5 11. fxe5 Nd7 12. Ba3 Re8 13. Rc1 Bf8 14. Bxf8 Rxf8 15. cxd5 cxd5 16. Nxd5 Qd8 17. Nf6+ Kg7 18. Qd2 Rh8 19. Qf4 Nxf6 20. exf6+ Kf8 21. Rc7 h6 22. Rfc1 g5 23. Qe5 Rb8 24. Qc5+ Kg8 25. Rxc8 Rxc8 26. Qxc8 1-0